logo

Bir Sreshtho Munshi Abdur Rouf Library
Jhenaidah Cadet College

Java 1.2 : (Record no. 6230)

MARC details
000 -LEADER
fixed length control field 00643cam a2200229 a 4500
003 - CONTROL NUMBER IDENTIFIER
JCCL marc code BD-JhCC
005 - DATE AND TIME OF LATEST TRANSACTION
control field 20180117115612.0
008 - FIXED-LENGTH DATA ELEMENTS--GENERAL INFORMATION
fixed length control field 020607s1998 cau | |||| ||eng|
020 ## - INTERNATIONAL STANDARD BOOK NUMBER
International Standard Book Number 8176560359
035 ## - SYSTEM CONTROL NUMBER
system control number (UkLCURL)980098085539
035 ## - SYSTEM CONTROL NUMBER
system control number (BD-JhCC)
040 ## - CATALOGING SOURCE
Original cataloging agency BD-JhCC
Modifying agency BD-JhCC
041 ## - LANGUAGE CODE
Language code of Book eng
082 ## - DEWEY DECIMAL CLASSIFICATION NUMBER
Classification number 004
Author mark and Year HOL 1998
100 1# - MAIN ENTRY--PERSONAL NAME
Personal name Holzner, Steven.
245 10 - TITLE STATEMENT
Title Java 1.2 :
Remainder of title in record time /
Statement of responsibility, etc Steven Holzner.
260 ## - PUBLICATION, DISTRIBUTION, ETC. (IMPRINT)
Place of publication, distribution, etc San Francisco :
Name of publisher, distributor, etc Sybex,
Date of publication, distribution, etc c1998.
300 ## - PHYSICAL DESCRIPTION
Pagination xx, 553p ;
Dimensions 23cm +
Accompanying material 1 computer laser optical disc (4.75in).
650 #0 - SUBJECT ADDED ENTRY--TOPICAL TERM
Topical term or geographic name as entry element Java (Computer program language)
942 ## - ADDED ENTRY ELEMENTS (KOHA)
Source of classification or shelving scheme Dewey Decimal Classification
Koha item type Books

No items available.


JCC Library | Contacts | JCC Home

Last Update on 23 September 2017
Copyright @ 2017-2020 JCC Rouf Library
Rouf Library, Jhenidah Cadet College (JCC), Bangladesh